000 00666nas a2200241 4500
001 BR0202709
003 BR-BrBNA
005 20231205103012.0
007 ta
008 230509b bl.|||p| |||| 00| 00por d
040 _aBR-BrBNA
_bpor
_cBiblioteca Nacional de Agricultura
041 _a(Pt)
072 _aE16
100 1 _aNunes, E.P.
100 1 _aContini, E.
245 1 _aPassando a limpo
650 _aAGRIBUSINESS
650 _aPRODUTO INTERNO BRUTO
650 _aANÁLISE ECONÔMICA
773 0 _tAgroanalysis (Brazil)
_xISSN 0100-4298
_g(Nov 2000), v. 20(11) p. 42-49
_wBR0202709
909 _a202311
_bLúcia
_c55
_dLúcia Elande
942 _2AGRIS
_n0
_cANA
999 _c170503
_d170503